[Event "Stay Safe Play From Home 257"]
[Site "Emanuel Lasker Arena"]
[Date "2020.06.26"]
[Round "1"]
[White "AChessPlayer"]
[Black "Fischer_11"]
[Result "1-0"]
[WhiteElo "2442"]
[BlackElo "1886"]
[Annotator "NA"]
[PlyCount "95"]
[EventDate "2020.06.26"]
[EventType "swiss (blitz)"]

1. Nf3 {[%emt 0:00:02]} Nf6 {[%emt 0:00:01]} 2. g3 {[%emt 0:00:00]} e6 {[%emt 0:00:01]} 3. Bg2 {[%emt 0:00:00]} d5 {[%emt 0:00:00]} 4. O-O {[%emt 0:00:00]} Be7 {[%emt 0:00:01]} 5. c4 {[%emt 0:00:00]} O-O {[%emt 0:00:00]} 6. cxd5 {[%emt 0:00:00]} exd5 {[%emt 0:00:00]} 7. d4 {[%emt 0:00:00]} c6 {[%emt 0:00:00]} 8. Nc3 {[%emt 0:00:00]} Bg4 {[%emt 0:00:01]} 9. Bf4 {[%emt 0:00:00]} Nbd7 {[%emt 0:00:02]} 10. h3 {[%emt 0:00:00]} Bh5 {[%emt 0:00:01]} 11. g4 {[%emt 0:00:01]} Bg6 {[%emt 0:00:01]} 12. Ne5 {[%emt 0:00:01]} Nxe5 {[%emt 0:00:01]} 13. Bxe5 {[%emt 0:00:02]} Ne4 {[%emt 0:00:01]} 14. f3 {[%emt 0:00:01]} Nxc3 {[%emt 0:00:01]} 15. bxc3 {[%emt 0:00:00]} Bf6 {[%emt 0:00:01]} 16. Bg3 {[%emt 0:00:01]} Re8 {[%emt 0:00:01]} 17. Qd2 {[%emt 0:00:06]} Bh4 {[%emt 0:00:01]} 18. Bf4 {[%emt 0:00:07]} h6 {[%emt 0:00:06]} 19. e3 {[%emt 0:00:01]} Bg5 {[%emt 0:00:05]} 20. Bxg5 {[%emt 0:00:01]} Qxg5 {[%emt 0:00:00]} 21. f4 {[%emt 0:00:00]} Qe7 {[%emt 0:00:02]} 22. f5 {[%emt 0:00:00]} Bh7 {[%emt 0:00:02]} 23. Rae1 {[%emt 0:00:00]} f6 {[%emt 0:00:02]} 24. e4 {[%emt 0:00:00]} dxe4 {[%emt 0:00:01]} 25. Rxe4 {[%emt 0:00:00]} Qd7 {[%emt 0:00:02]} 26. Rfe1 {[%emt 0:00:00]} Rxe4 {[%emt 0:00:01]} 27. Rxe4 {[%emt 0:00:00]} Re8 {[%emt 0:00:01]} 28. Qe3 {[%emt 0:00:00]} Rxe4 {[%emt 0:00:01]} 29. Bxe4 {[%emt 0:00:00]} Kf8 {[%emt 0:00:01]} 30. c4 {[%emt 0:00:00]} Bg8 {[%emt 0:00:01]} 31. Qa3+ {[%emt 0:00:01]} Qe7 {[%emt 0:00:05]} 32. Qxe7+ {[%emt 0:00:01]} Kxe7 {[%emt 0:00:00]} 33. Bd3 {[%emt 0:00:00]} b6 {[%emt 0:00:02]} 34. Kf2 {[%emt 0:00:00]} Kd6 {[%emt 0:00:02]} 35. Ke3 {[%emt 0:00:00]} a6 {[%emt 0:00:01]} 36. a3 {[%emt 0:00:01]} b5 {[%emt 0:00:01]} 37. c5+ {[%emt 0:00:00]} Kd7 {[%emt 0:00:01]} 38. Be4 {[%emt 0:00:01]} Bc4 {[%emt 0:00:02]} 39. Kd2 {[%emt 0:00:01]} Bb3 {[%emt 0:00:01]} 40. h4 {[%emt 0:00:01]} Bc4 {[%emt 0:00:00]} 41. Bf3 {[%emt 0:00:00]} Bb3 {[%emt 0:00:02]} 42. Kc3 {[%emt 0:00:00]} Ba2 {[%emt 0:00:00]} 43. Kb4 {[%emt 0:00:00]} Kc7 {[%emt 0:00:02]} 44. Ka5 {[%emt 0:00:00]} Kb7 {[%emt 0:00:00]} 45. a4 {[%emt 0:00:01]} Bb1 {[%emt 0:00:00]} 46. axb5 {[%emt 0:00:01]} axb5 {[%emt 0:00:00]} 47. d5 {[%emt 0:00:01]} Kc7 {[%emt 0:00:00]} 48. d6+ {[%emt 0:00:01] Zeit (Lag: Av=0.36s, max=0.8s)} 1-0

[Event "Stay Safe Play From Home 257"]
[Site "Emanuel Lasker Arena"]
[Date "2020.06.26"]
[Round "1"]
[White "SoulofWolf"]
[Black "Edmatuag"]
[Result "1-0"]
[WhiteElo "2247"]
[BlackElo "1592"]
[Annotator "TA"]
[PlyCount "59"]
[EventDate "2020.06.26"]
[EventType "swiss (blitz)"]

{[%evp 9,59,80,62,51,77,76,78,47,34,26,16,22,55,60,215,214,216,159,373,379,484,490,470,383,743,704,29997,816,962,958,941,903,895,795,837,302,366,339,335,266,250,236,645,637,29985,29986,5614,295,288,285,279,270]} 1. c4 d6 2. Nc3 c6 3. d4 e5 4. Nf3 exd4 5. Nxd4 Nf6 {[#]} 6. h3 $146 {A21: English Opening: 1...e5 2 Nc3.} ({Predecessor:} 6. e4 Be7 7. Be2 Qa5 8. O-O O-O 9. Bf4 Re8 10. Qc2 Nbd7 11. Rad1 Ne5 12. Nb3 Qc7 13. Nd4 Bf8 14. Bg3 {½-½ (58) Sabol,J (1885)-Panko,E (2016) Slovakia 2019}) 6... Be6 7. Nxe6 fxe6 8. Bg5 {White is better.} Be7 9. e3 O-O 10. Bd3 e5 11. Qc2 d5 $2 ({Black should try} 11... Nbd7 $14) 12. cxd5 cxd5 13. Rd1 {[#] Threatens to win with Bxf6.} Qa5 $2 {Black cannot hold the game after this.} (13... Nbd7 $16 14. Bf5 Kh8) 14. Bxf6 $18 Bxf6 15. Bxh7+ Kh8 16. Qg6 {Qh5 is the strong threat.} d4 $2 {[#]} (16... e4) 17. Qh5 $1 {Intending Bg6+ and mate.} Rd8 18. Bg6+ (18. Bf5+ $142 Kg8 19. Be6+ Kf8 20. Qf7#) 18... Kg8 19. O-O Nc6 20. Ne4 Kf8 21. Qh7 Qd5 22. Bf5 $2 (22. f4 Qg8 23. Qh5) 22... Qg8 23. Qh5 Ne7 24. Qg4 {aiming for f4.} Nxf5 25. Qxf5 dxe3 $2 (25... Qf7 26. Rd3 Kg8) 26. Nxf6 {White wants to mate with Nd7+!} gxf6 27. Qxf6+ Qf7 28. fxe3 $2 (28. Rxd8+ Rxd8 29. Qxd8+ Kg7 30. fxe3) 28... Qxf6 29. Rxf6+ Ke7 30. Rdf1 {Accuracy: White = 58%, Black = 39%.} 1-0

[Event "Stay Safe Play From Home 257"]
[Site "Emanuel Lasker Arena"]
[Date "2020.06.26"]
[Round "1"]
[White "Lazieri3"]
[Black "Buzaglo"]
[Result "1-0"]
[WhiteElo "2051"]
[BlackElo "1905"]
[PlyCount "117"]
[EventDate "2020.06.26"]
[EventType "swiss (blitz)"]

1. e4 {[%emt 0:00:01]} e6 {[%emt 0:00:00]} 2. Nc3 {[%emt 0:00:01]} d5 {[%emt 0:00:00]} 3. Nf3 {[%emt 0:00:00]} c5 {[%emt 0:00:00]} 4. exd5 {[%emt 0:00:01]} exd5 {[%emt 0:00:01]} 5. d4 {[%emt 0:00:00]} Nf6 {[%emt 0:00:00]} 6. Bf4 {[%emt 0:00:01]} cxd4 {[%emt 0:00:01]} 7. Nxd4 {[%emt 0:00:02]} Nc6 {[%emt 0:00:03]} 8. Bb5 {[%emt 0:00:02]} Bd7 {[%emt 0:00:02]} 9. O-O {[%emt 0:00:02]} Be7 {[%emt 0:00:01]} 10. Re1 {[%emt 0:00:01]} O-O {[%emt 0:00:01]} 11. h3 {[%emt 0:00:00]} Ne4 {[%emt 0:00:03]} 12. Nxc6 {[%emt 0:00:03]} bxc6 {[%emt 0:00:01]} 13. Nxe4 {[%emt 0:00:02]} cxb5 {[%emt 0:00:01]} 14. Nc3 {[%emt 0:00:02]} Be6 {[%emt 0:00:08]} 15. Qf3 {[%emt 0:00:07]} Qb6 {[%emt 0:00:01]} 16. Rad1 {[%emt 0:00:02]} Rad8 {[%emt 0:00:02]} 17. Nxd5 {[%emt 0:00:02]} Bxd5 {[%emt 0:00:02]} 18. Rxd5 {[%emt 0:00:01]} Rxd5 {[%emt 0:00:00]} 19. Qxd5 {[%emt 0:00:02]} Bf6 {[%emt 0:00:00]} 20. Be5 {[%emt 0:00:01]} Bxe5 {[%emt 0:00:02]} 21. Qxe5 {[%emt 0:00:01]} h6 {[%emt 0:00:01]} 22. c3 {[%emt 0:00:01]} a6 {[%emt 0:00:01]} 23. Qe7 {[%emt 0:00:02]} Qa5 {[%emt 0:00:02]} 24. Qb4 {[%emt 0:00:01]} Qb6 {[%emt 0:00:01]} 25. a4 {[%emt 0:00:03]} Qc6 {[%emt 0:00:03]} 26. axb5 {[%emt 0:00:01]} axb5 {[%emt 0:00:00]} 27. Qe4 {[%emt 0:00:03]} Qc5 {[%emt 0:00:01]} 28. Qe3 {[%emt 0:00:01]} Qc4 {[%emt 0:00:01]} 29. Qd2 {[%emt 0:00:01]} Qb3 {[%emt 0:00:00]} 30. Rd1 {[%emt 0:00:01]} b4 {[%emt 0:00:01]} 31. cxb4 {[%emt 0:00:01]} Rb8 {[%emt 0:00:01]} 32. Rc1 {[%emt 0:00:01]} Qxb4 {[%emt 0:00:04]} 33. Qxb4 {[%emt 0:00:01]} Rxb4 {[%emt 0:00:00]} 34. Rb1 {[%emt 0:00:00]} f6 {[%emt 0:00:01]} 35. b3 {[%emt 0:00:00]} Kf7 {[%emt 0:00:00]} 36. Kf1 {[%emt 0:00:00]} Ke6 {[%emt 0:00:00]} 37. Ke2 {[%emt 0:00:00]} Kd5 {[%emt 0:00:00]} 38. Kd3 {[%emt 0:00:00]} Rd4+ {[%emt 0:00:01]} 39. Kc3 {[%emt 0:00:01]} Rf4 {[%emt 0:00:01]} 40. f3 {[%emt 0:00:01]} Rf5 {[%emt 0:00:02]} 41. b4 {[%emt 0:00:00]} Kc6 {[%emt 0:00:01]} 42. b5+ {[%emt 0:00:01]} Kb6 {[%emt 0:00:00]} 43. Kc4 {[%emt 0:00:01]} Rc5+ {[%emt 0:00:00]} 44. Kd4 {[%emt 0:00:01]} Rc2 {[%emt 0:00:00]} 45. g4 {[%emt 0:00:02]} Rg2 {[%emt 0:00:00]} 46. Ke4 {[%emt 0:00:00]} Re2+ {[%emt 0:00:01]} 47. Kf5 {[%emt 0:00:01]} Re5+ {[%emt 0:00:01]} 48. Kg6 {[%emt 0:00:01]} Rg5+ {[%emt 0:00:01]} 49. Kf7 {[%emt 0:00:00]} h5 {[%emt 0:00:01]} 50. Rb3 {[%emt 0:00:00]} hxg4 {[%emt 0:00:01]} 51. hxg4 {[%emt 0:00:00]} Rc5 {[%emt 0:00:00]} 52. f4 {[%emt 0:00:00]} Rc4 {[%emt 0:00:00]} 53. Kxg7 {[%emt 0:00:00]} Rxf4 {[%emt 0:00:02]} 54. Kg6 {[%emt 0:00:00]} Rxg4+ {[%emt 0:00:00]} 55. Kf7 {[%emt 0:00:00]} Rg1 {[%emt 0:00:00]} 56. Rc3 {[%emt 0:00:00]} Rf1 {[%emt 0:00:00]} 57. Rc6+ {[%emt 0:00:00]} Ka5 {[%emt 0:00:00]} 58. Kf8 {[%emt 0:00:00]} Kb4 {[%emt 0:00:00]} 59. Rb6 {[%emt 0:00:00] Time} 1-0

[Event "Stay Safe Play From Home 257"]
[Site "Emanuel Lasker Arena"]
[Date "2020.06.26"]
[Round "1"]
[White "Bardellosport"]
[Black "little champs"]
[Result "1-0"]
[WhiteElo "2029"]
[BlackElo "2225"]
[PlyCount "43"]
[EventDate "2020.06.26"]
[EventType "swiss (blitz)"]

1. d4 {[%emt 0:00:01]} c6 {[%emt 0:00:12]} 2. e3 {[%emt 0:00:00]} d5 {[%emt 0:00:01]} 3. Nf3 {[%emt 0:00:00]} Nf6 {[%emt 0:00:00]} 4. b3 {[%emt 0:00:00]} e6 {[%emt 0:00:00]} 5. Bb2 {[%emt 0:00:00]} Bd6 {[%emt 0:00:00]} 6. Bd3 {[%emt 0:00:00]} O-O {[%emt 0:00:00]} 7. Qe2 {[%emt 0:00:01]} Nbd7 {[%emt 0:00:00]} 8. O-O {[%emt 0:00:01]} Qc7 {[%emt 0:00:00]} 9. g3 {[%emt 0:00:02]} e5 {[%emt 0:00:01]} 10. dxe5 {[%emt 0:00:01]} Nxe5 {[%emt 0:00:01]} 11. Bxe5 {[%emt 0:00:00]} Bxe5 {[%emt 0:00:00]} 12. Nxe5 {[%emt 0:00:00]} Qxe5 {[%emt 0:00:01]} 13. Nd2 {[%emt 0:00:00]} Bg4 {[%emt 0:00:01]} 14. f3 {[%emt 0:00:02]} Bh5 {[%emt 0:00:01]} 15. Qf2 {[%emt 0:00:02]} Rfe8 {[%emt 0:00:01]} 16. Rae1 {[%emt 0:00:01]} Bg6 {[%emt 0:00:00]} 17. e4 {[%emt 0:00:01]} dxe4 {[%emt 0:00:02]} 18. Nxe4 {[%emt 0:00:00]} Nxe4 {[%emt 0:00:01]} 19. Bxe4 {[%emt 0:00:00]} Bxe4 {[%emt 0:00:01]} 20. fxe4 {[%emt 0:00:01]} Re6 {[%emt 0:00:02]} 21. Qxf7+ {[%emt 0:00:02]} Kh8 {[%emt 0:00:00]} 22. Qf8+ {[%emt 0:00:01] little champs resigns (Lag: Av=0.62s, max=2.0s)} 1-0

[Event "Stay Safe Play From Home 257"]
[Site "Emanuel Lasker Arena"]
[Date "2020.06.26"]
[Round "1"]
[White "Haxhi Baha"]
[Black "Broken sword"]
[Result "0-1"]
[WhiteElo "1939"]
[BlackElo "2452"]
[PlyCount "56"]
[EventDate "2020.06.26"]
[EventType "swiss (blitz)"]

1. e4 {[%emt 0:00:01]} c5 {[%emt 0:00:01]} 2. Nf3 {[%emt 0:00:01]} e6 {[%emt 0:00:01]} 3. d4 {[%emt 0:00:00]} a6 {[%emt 0:00:00]} 4. Nc3 {[%emt 0:00:01]} b5 {[%emt 0:00:02]} 5. d5 {[%emt 0:00:01]} d6 {[%emt 0:00:01]} 6. dxe6 {[%emt 0:00:02]} fxe6 {[%emt 0:00:00]} 7. Be2 {[%emt 0:00:02]} Nc6 {[%emt 0:00:01]} 8. e5 {[%emt 0:00:01]} d5 {[%emt 0:00:01]} 9. O-O {[%emt 0:00:02]} Nge7 {[%emt 0:00:01]} 10. a4 {[%emt 0:00:01]} b4 {[%emt 0:00:01]} 11. Nb1 {[%emt 0:00:01]} g6 {[%emt 0:00:00]} 12. Bg5 {[%emt 0:00:01]} Bg7 {[%emt 0:00:01]} 13. Nbd2 {[%emt 0:00:01]} O-O {[%emt 0:00:01]} 14. c4 {[%emt 0:00:01]} d4 {[%emt 0:00:03]} 15. Ne4 {[%emt 0:00:01]} Qb6 {[%emt 0:00:02]} 16. Nf6+ {[%emt 0:00:02]} Kh8 {[%emt 0:00:01]} 17. Qd2 {[%emt 0:00:02]} Nf5 {[%emt 0:00:01]} 18. g4 {[%emt 0:00:02]} Nfe7 {[%emt 0:00:01]} 19. Bh6 {[%emt 0:00:01]} Ng8 {[%emt 0:00:01]} 20. Bxg7+ {[%emt 0:00:01]} Kxg7 {[%emt 0:00:00]} 21. Qg5 {[%emt 0:00:01]} Nxf6 {[%emt 0:00:04]} 22. exf6+ {[%emt 0:00:01]} Rxf6 {[%emt 0:00:00]} 23. Ne5 {[%emt 0:00:02]} h6 {[%emt 0:00:01]} 24. Qh4 {[%emt 0:00:06]} Nxe5 {[%emt 0:00:01]} 25. g5 {[%emt 0:00:00]} hxg5 {[%emt 0:00:01]} 26. Qxg5 {[%emt 0:00:00]} Qd6 {[%emt 0:00:01]} 27. f4 {[%emt 0:00:01]} Nf7 {[%emt 0:00:00]} 28. Kf2 {[%emt 0:00:02]} Nxg5 {[%emt 0:00:01] Haxhi Baha resigns (Lag: Av=0.53s, max=0.6s)} 0-1

[Event "Stay Safe Play From Home 257"]
[Site "Emanuel Lasker Arena"]
[Date "2020.06.26"]
[Round "2"]
[White "Broken sword"]
[Black "SoulofWolf"]
[Result "1-0"]
[WhiteElo "2454"]
[BlackElo "2248"]
[Annotator "TA"]
[PlyCount "105"]
[EventDate "2020.06.26"]
[EventType "swiss (blitz)"]

{[%evp 12,104,27,14,39,20,45,33,40,32,33,10,34,0,18,-3,37,-6,21,15,18,0,43,18,106,-24,17,0,18,0,0,-16,-26,-43,0,-22,12,-16,54,-85,0,-37,72,62,56,39,69,26,16,0,0,0,37,0,14,13,85,81,286,143,131,128,189,36,132,48,58,27,128,120,140,128,318,329,908,461,449,452,404,495,470,432,1111,725,1574,1593,29989,29990,29991,29992,29992,29992,29993,29994,29999]} 1. d4 d5 2. Nf3 e6 3. c4 Be7 4. Nc3 c6 5. Bf4 Nd7 6. e3 Ngf6 7. Rc1 O-O {D37: Queen's Gambit Declined: 5 Bf4.} 8. Bd3 {8.h3 deserves study.} b6 9. cxd5 exd5 {White is slightly better.} 10. O-O Bb7 11. Bb1 Rc8 {[#]} 12. Qd3 $146 ({Predecessor:} 12. h3 Re8 13. Qd3 g6 14. Ne5 Nxe5 15. Bxe5 Nd7 16. Bg3 Bf6 17. Rfd1 Bg7 18. a3 {½-½ (65) Quispe Damian,F (1610)-Ccerhuayo Escobedo,M (2153) chess.com INT 2020}) 12... Re8 13. Ne5 Nf8 14. h3 Ng6 15. Bg3 c5 16. Rfd1 c4 17. Qc2 Ne4 (17... Bd6 $11) 18. Bh2 ({White has to play} 18. Nxe4 $16 dxe4 19. Qa4 (19. Nxc4 Qd5 $16)) 18... f5 19. f3 Nd6 20. Re1 Bf6 {[%cal Rg6e5]} 21. Nxg6 hxg6 22. Rcd1 Qd7 23. a3 a5 24. Qd2 b5 ({Better is} 24... Nb5 $11) 25. Ne2 (25. Bxd6 $1 $14 {stays ahead.} Qxd6 26. Nxb5) 25... Bg5 (25... Bh4 $17 26. g3 Bg5) 26. Bf4 (26. Nf4 {keeps more tension.} c3 27. bxc3 Nc4 28. Qc1 b4 29. axb4 axb4 30. Bg3) 26... Bh6 (26... Qd8 $15 {keeps the upper hand.}) 27. Bxh6 gxh6 28. Nf4 Kh7 29. Qf2 Rg8 30. Qg3 Rce8 31. Re2 Nf7 (31... g5 $5 32. Nh5 $8 Qd8 $11) 32. Rde1 Bc8 33. Qf2 {Threatens to win with e4.} Ng5 (33... Qd6 $1 $11) 34. h4 $16 Nf7 $2 (34... Ne6 $16 {might work better.}) 35. h5 (35. e4 $1 $18) 35... g5 36. Ng6 Nd6 (36... Kg7 $16) 37. g4 $2 (37. e4 $1 $18) 37... Qf7 {[#]} (37... Qg7 $14) 38. Qg2 (38. gxf5 $1 $16 Bxf5 39. e4 Rxg6 40. hxg6+ (40. exf5 Rf6 $14) 40... Bxg6 41. exd5 Bxb1 42. Rxe8 (42. Rxb1 Rxe2 43. Qxe2 Qxd5 $16) 42... Nxe8 43. Rxb1) 38... a4 39. Rf2 Qc7 {[#]} (39... Qf6 $11 {keeps the balance.}) 40. e4 $1 dxe4 41. fxe4 f4 $2 (41... fxe4 $16 {was called for.} 42. Rf6 Qd8) 42. e5 $18 {Black must now prevent Nxf4+.} Nf7 $2 (42... Kg7 43. Ref1 Qd7 44. exd6 Qxg4) 43. Ne7+ Kh8 44. Nxg8 Rxg8 45. Qe4 {[%csl Gb1][%cal Re4h7]} Rg7 46. d5 Bb7 (46... Bxg4 $142 47. e6 Nd6) 47. d6 Bxe4 48. dxc7 Bxb1 49. c8=Q+ {White mates.} Rg8 {[#]} 50. Qd7 $1 Bf5 51. e6 Bxe6 52. Qxe6 Ne5 53. Qxh6# {Accuracy: White = 51%, Black = 28%.} 1-0

[Event "Stay Safe Play From Home 257"]
[Site "Emanuel Lasker Arena"]
[Date "2020.06.26"]
[Round "2"]
[White "Lazieri3"]
[Black "AChessPlayer"]
[Result "0-1"]
[WhiteElo "2062"]
[BlackElo "2444"]
[Annotator "TA"]
[PlyCount "136"]
[EventDate "2020.06.26"]
[EventType "swiss (blitz)"]

{[%evp 14,136,15,-15,8,16,17,0,0,-29,0,-3,0,0,0,0,0,0,0,0,1,11,147,7,15,6,25,0,106,105,333,329,286,0,0,0,0,-269,-275,-278,-279,-262,-257,-260,-249,-266,-185,-243,-241,-224,-172,-305,-306,-299,-301,-335,-327,-322,-294,-434,-315,-495,-486,-416,-251,-552,-497,-565,-562,-4694,-4895,-2279,-1806,-29970,-29974,-29972,-29973,-29972,-29973,-29980,-29976,-29982,-29983,-29977,-29978,-29976,-29975,-29970,-29969,-12804,-4631,-29979,-5628,-29982,-29983,-29984,-29985,-29988,-29989,-29991,-29990,-29993,-29993,-29993,-29993,-29993,-29993,-29993,-29992,-29993,-29994,-29994,-29995,-29995,-29996,-29996,-29997,-29997,-29997,-29997,-29997,-29999,-29997,-29998,-29998]} 1. e4 e5 2. Nc3 Nc6 3. Nf3 Nf6 4. Bc4 Bc5 5. d3 O-O 6. O-O h6 7. h3 d6 8. Be3 a6 {C50: Hungarian Defence and Giuoco Pianissimo.} 9. Bxc5 dxc5 10. Nd5 Re8 {[#] The position is equal.} 11. c3 $146 ({Predecessor:} 11. a3 Be6 12. Nxf6+ Qxf6 13. Bxe6 Rxe6 14. Nh2 Qg6 15. Qg4 Qxg4 16. Nxg4 Rd8 17. f4 exf4 18. Rxf4 {½-½ (45) Botta,T (1997)-Pinczes,G (1770) Hungary 2010}) 11... b5 12. Bb3 Be6 {[%cal Re6d5]} 13. Nxf6+ Qxf6 14. Bxe6 Qxe6 15. Qe2 Rad8 16. Qe3 Qd6 17. Rfd1 g6 (17... Rd7 $11) 18. Rd2 (18. Qxh6 $16 {With the idea a3.} Qf8 19. Qe3) 18... Kg7 $11 19. Rad1 Rd7 20. d4 cxd4 (20... exd4 $11 {keeps the balance.} 21. cxd4 Rde7) 21. cxd4 $16 exd4 $2 (21... Qe7 $16) 22. Nxd4 $18 Qf6 {[#]} 23. Nxc6 $2 (23. Ne6+ $1 $18 {[%mdl 512]} Rxe6 24. Rxd7) 23... Rxd2 $11 24. Qxd2 Qxc6 25. Qc3+ $2 {[%mdl 8192] White is now going downhill.} (25. f3 $11 {and White has nothing to worry.}) 25... Qxc3 $19 26. bxc3 Rxe4 {[%mdl 4096] Endgame KR-KR} 27. Rd7 Rc4 28. Rd3 a5 29. g3 a4 30. a3 (30. Kf1 {might work better.}) 30... h5 31. Kg2 h4 32. gxh4 (32. Kf3 $142) 32... Rxh4 33. Kg3 Rc4 34. Kf3 Kf6 35. Kg3 Ke6 36. Rf3 (36. Kf3 $142) 36... f5 37. Re3+ (37. Rd3 $142) 37... Kd5 {...f4+ is the strong threat.} 38. Rd3+ Ke5 39. f4+ $2 (39. Kg2 {nothing else works.}) 39... Ke4 40. Rf3 c5 41. h4 {[#]} b4 $1 42. cxb4 cxb4 {( -> ...Rc3!)} 43. axb4 Rxb4 44. Rf1 Rb3+ 45. Kg2 a3 46. Re1+ Kxf4 47. Re6 a2 48. Ra6 Rb2+ 49. Kh3 Ke3 50. Kg3 Kd2 51. Kf4 Kc1 (51... Kc2 $142 52. Rc6+ Kb3 53. Rb6+ Kc4 54. Rxb2 a1=Q) 52. Kg5 Rg2+ (52... Kb1 $142 53. h5 gxh5 54. Kxh5 a1=Q 55. Rxa1+ Kxa1 56. Kg5 Rf2 57. Kg6 Kb2 58. Kf6 Kc3 59. Ke5 Kc4 60. Kf6 Kd5 61. Ke7 Re2+ 62. Kd7 f4 63. Kc7 f3 64. Kd7 f2 65. Kc7 f1=Q 66. Kb7 Qf7+ 67. Ka6 Rb2 68. Ka5 Qa7#) 53. Kf6 Kb1 {Black mates.} 54. h5 gxh5 55. Kxf5 a1=Q 56. Rb6+ {[#]} Qb2 $1 57. Re6 (57. Rxb2+ Kxb2) 57... Qc2+ 58. Ke5 Re2+ 59. Kd6 Rxe6+ 60. Kxe6 Qg2 61. Kf5 h4 62. Kf4 h3 63. Ke3 h2 64. Kd4 h1=Q 65. Kc5 Qhf1 66. Kb6 Qge2 67. Ka5 Qc1 68. Ka4 Qa2+ {Accuracy: White = 50%, Black = 67%.} 0-1

[Event "Stay Safe Play From Home 257"]
[Site "Emanuel Lasker Arena"]
[Date "2020.06.26"]
[Round "2"]
[White "Fischer_11"]
[Black "Bardellosport"]
[Result "1/2-1/2"]
[WhiteElo "1885"]
[BlackElo "2055"]
[Annotator "NA"]
[PlyCount "115"]
[EventDate "2020.06.26"]
[EventType "swiss (blitz)"]

1. e4 {[%emt 0:00:01]} e6 {[%emt 0:00:01]} 2. d4 {[%emt 0:00:01]} d5 {[%emt 0:00:00]} 3. Nd2 {[%emt 0:00:00]} c6 {[%emt 0:00:01]} 4. c3 {[%emt 0:00:01]} f5 {[%emt 0:00:01]} 5. exd5 {[%emt 0:00:00]} exd5 {[%emt 0:00:01]} 6. Ngf3 {[%emt 0:00:00]} Nf6 {[%emt 0:00:00]} 7. Ne5 {[%emt 0:00:00]} Bd6 {[%emt 0:00:01]} 8. Ndf3 {[%emt 0:00:00]} Bxe5 {[%emt 0:00:00]} 9. Nxe5 {[%emt 0:00:00]} Ne4 {[%emt 0:00:00]} 10. f3 {[%emt 0:00:01]} Qh4+ {[%emt 0:00:01]} 11. Ke2 {[%emt 0:00:04]} Qf2+ {[%emt 0:00:00]} 12. Kd3 {[%emt 0:00:01]} b6 {[%emt 0:00:00]} 13. Be3 {[%emt 0:00:09]} Ba6+ {[%emt 0:00:01]} 14. c4 {[%emt 0:00:01]} dxc4+ {[%emt 0:00:03]} 15. Nxc4 {[%emt 0:00:00]} Bxc4+ {[%emt 0:00:01]} 16. Kxc4 {[%emt 0:00:01]} Qxb2 {[%emt 0:00:01]} 17. fxe4 {[%emt 0:00:03]} b5+ {[%emt 0:00:01]} 18. Kd3 {[%emt 0:00:01]} O-O {[%emt 0:00:04]} 19. e5 {[%emt 0:00:03]} c5 {[%emt 0:00:01]} 20. Rb1 {[%emt 0:00:03]} Qa3+ {[%emt 0:00:01]} 21. Qb3+ {[%emt 0:00:01]} Qxb3+ {[%emt 0:00:03]} 22. axb3 {[%emt 0:00:00]} Nd7 {[%emt 0:00:02]} 23. dxc5 {[%emt 0:00:02]} Nxc5+ {[%emt 0:00:00]} 24. Bxc5 {[%emt 0:00:02]} Rfd8+ {[%emt 0:00:01]} 25. Bd6 {[%emt 0:00:01]} Rac8 {[%emt 0:00:01]} 26. Ke3 {[%emt 0:00:02]} a6 {[%emt 0:00:00]} 27. Bd3 {[%emt 0:00:02]} Rc3 {[%emt 0:00:01]} 28. Rhc1 {[%emt 0:00:01]} Rxc1 {[%emt 0:00:01]} 29. Rxc1 {[%emt 0:00:00]} g5 {[%emt 0:00:01]} 30. Bxf5 {[%emt 0:00:01]} Kf7 {[%emt 0:00:02]} 31. e6+ {[%emt 0:00:02]} Kf6 {[%emt 0:00:02]} 32. e7 {[%emt 0:00:01]} Re8 {[%emt 0:00:01]} 33. Bd7 {[%emt 0:00:01]} Kf7 {[%emt 0:00:01]} 34. Bxe8+ {[%emt 0:00:01]} Kxe8 {[%emt 0:00:00]} 35. Rc8+ {[%emt 0:00:01]} Kd7 {[%emt 0:00:00]} 36. e8=Q+ {[%emt 0:00:00]} Kxd6 {[%emt 0:00:01]} 37. Qd8+ {[%emt 0:00:01]} Ke6 {[%emt 0:00:01]} 38. Rc7 {[%emt 0:00:00]} Kf5 {[%emt 0:00:00]} 39. Re7 {[%emt 0:00:00]} Kg6 {[%emt 0:00:00]} 40. Qg8+ {[%emt 0:00:01]} Kh5 {[%emt 0:00:00]} 41. Qe8+ {[%emt 0:00:01]} Kg4 {[%emt 0:00:01]} 42. Rxh7 {[%emt 0:00:00]} Kf5 {[%emt 0:00:01]} 43. Rg7 {[%emt 0:00:00]} b4 {[%emt 0:00:02]} 44. Rxg5+ {[%emt 0:00:00]} Kxg5 {[%emt 0:00:01]} 45. Qa4 {[%emt 0:00:01]} Kf5 {[%emt 0:00:00]} 46. Qxb4 {[%emt 0:00:01]} a5 {[%emt 0:00:01]} 47. Qxa5+ {[%emt 0:00:00]} Ke6 {[%emt 0:00:01]} 48. Qa4 {[%emt 0:00:00]} Kf7 {[%emt 0:00:00]} 49. Kd4 {[%emt 0:00:00]} Ke7 {[%emt 0:00:00]} 50. b4 {[%emt 0:00:00]} Kd8 {[%emt 0:00:01]} 51. b5 {[%emt 0:00:00]} Kc7 {[%emt 0:00:00]} 52. b6+ {[%emt 0:00:00]} Kb7 {[%emt 0:00:00]} 53. Qc4 {[%emt 0:00:00]} Kb8 {[%emt 0:00:00]} 54. Qc5 {[%emt 0:00:00]} Kb7 {[%emt 0:00:00]} 55. Qc7+ {[%emt 0:00:00]} Ka6 {[%emt 0:00:00]} 56. Qa7+ {[%emt 0:00:00]} Kb5 {[%emt 0:00:00]} 57. b7 {[%emt 0:00:00]} Kc6 {[%emt 0:00:00]} 58. b8=Q {[%emt 0:00:00] (Lag: Av=0.25s, max=0.9s)} 1/2-1/2